The meanings of modern design : (Record no. 165)

MARC details
000 -LEADER
campo de control de longitud fija 01061cam a2200277 a 4500
001 - NÚMERO DE CONTROL
campo de control 4346806
003 - IDENTIFICADOR DE NÚMERO DE CONTROL
campo de control AMDFNDHEU
005 - FECHA Y HORA DE LA ÚLTIMA TRANSACCIÓN
campo de control 20220326193253.0
008 - DATOS DE LONGITUD FIJA--INFORMACIÓN GENERAL
campo de control de longitud fija 890912s1990 nyua b 001 0 eng
010 ## - NÚMERO DE CONTROL DE LA BIBLIOTECA DEL CONGRESO
Número de control de LC 89051583
020 ## - NÚMERO INTERNACIONAL ESTÁNDAR DEL LIBRO
Número Internacional Estándar del Libro 0500235708 :
Condiciones de disponibilidad $24.95
040 ## - FUENTE DE CATALOGACIÓN
Centro catalogador/agencia de origen DLC
Centro/agencia transcriptor DLC
Centro/agencia modificador DLC
050 00 - SIGNATURA TOPOGRÁFICA DE LA BIBLIOTECA DEL CONGRESO
Número de clasificación NK1390
Número de ítem .D67 1990
082 00 - NÚMERO DE LA CLASIFICACIÓN DECIMAL DEWEY
Número de clasificación 729
Número de ítem D712a
100 1# - ENTRADA PRINCIPAL--NOMBRE DE PERSONA
Nombre de persona Dormer, Peter.
9 (RLIN) 797
245 14 - MENCIÓN DEL TÍTULO
Título The meanings of modern design :
Resto del título towards the twenty-first century /
Mención de responsabilidad, etc. Peter Dormer.
260 ## - PUBLICACIÓN, DISTRIBUCIÓN, ETC.
Lugar de publicación, distribución, etc. New York, N.Y. :
Nombre del editor, distribuidor, etc. Thames and Hudson,
Fecha de publicación, distribución, etc. 1990.
300 ## - DESCRIPCIÓN FÍSICA
Extensión 192 p. :
Otras características físicas ill. ;
Dimensiones 24 cm.
504 ## - NOTA DE BIBLIOGRAFÍA, ETC.
Nota de bibliografía, etc. Includes bibliographical references (p. 184-187) and index.
650 #0 - PUNTO DE ACCESO ADICIONAL DE MATERIA--TÉRMINO DE MATERIA
Término de materia o nombre geográfico como elemento de entrada Design
Subdivisión general History
Subdivisión cronológica 20th century
Subdivisión general Economic aspects.
9 (RLIN) 798
650 #0 - PUNTO DE ACCESO ADICIONAL DE MATERIA--TÉRMINO DE MATERIA
Término de materia o nombre geográfico como elemento de entrada Diseño-historia aspectos economicos
Subdivisión general diseño industrial
Subdivisión cronológica S. XX
9 (RLIN) 799
650 #0 - PUNTO DE ACCESO ADICIONAL DE MATERIA--TÉRMINO DE MATERIA
Término de materia o nombre geográfico como elemento de entrada Industrial design
Subdivisión general History
Subdivisión cronológica 20th century
Subdivisión general Economic aspects.
9 (RLIN) 800
700 ## - ENTRADA AGREGADA--NOMBRE PERSONAL
Nombre de persona Peter Dormer
9 (RLIN) 801
906 ## - ELEMENTOS DE DATOS F LOCAL, LDF (RLIN)
a 7
b cbc
c orignew
d 2
e ocip
f 19
g y-gencatlg
Holdings
Estatus retirado Estado de pérdida Fuente del sistema de clasificación o colocación Estado de daño No para préstamo Biblioteca de origen Biblioteca actual Ubicación en estantería Fecha de adquisición Total de préstamos Signatura topográfica completa Código de barras Visto por última vez Precio de reemplazo Tipo de ítem Koha
    Clasificación Decimal Dewey     Biblioteca LadoV Biblioteca LadoV   23/05/2014   729 D712a 000140 23/05/2014 23/05/2014 Material 01